000 01366cam a2200325 a 4500
999 _c480218
_d480218
001 4994367
003 ASAB
005 20190411071459.0
008 990119s2000 enka b 001 0 eng
010 _a 99017192
020 _a1859962416
020 _a038791563X (softcover : alk. paper)
038 _aASAB
040 _cASAB
050 0 0 _aQD41
_b.F57 2000
082 0 0 _a572
_221
100 1 _aFisher, J.
_q(Julie)
_914097
245 1 0 _aInstant notes in Chemistry for biologists /
_cJ. Fisher & J.R.P. Arnold.
246 1 _iTitle on p. [4] of cover:
_aInstant notes in chemistry for biologists
260 _aOxford, UK :
_bBIOS Scientific ;
_aNew York, USA :
_bDistributed exclusively in the U.S. by Springer-Verlag New York,
_c2000.
300 _aix, 246 p. :
_bill. ;
_c25 cm.
440 4 _aThe instant notes series
_92696
500 _aOn label on t.p. verso: ISBN 0-387-91563-X
504 _aIncludes bibliographical references and index.
650 0 _aChemistry
_xOutlines, syllabi, etc.
_914098
700 1 _aArnold, J. R. P.
_q(John R. P.)
_914099
906 _a7
_bcbc
_corignew
_d1
_eocip
_f19
_gy-gencatlg
942 _2ddc
_cBK